00911nam a22002537a 45000010005000000030006000050050017000110080041000280200018000690400029000870500014001160820008001301000017001382450081001552600039002363000044002754900033003195050008003525200194003605210020005545210020005746500027005947000036006215151FISKH20241107153519.0241107b cb ||||| |||| 00| 0 eng d a9781407142609 aFISKHbengcFISKHdFISKH aPZ10.A664 a612 aArnold, Nick aBlood, Bones and Body Bits /cby Nick Arnold : illustrated byTony De Saulles aNew York : bScholastic ;c1996 .  a208 pages : billustrations ;c20 cm .  aNew Edition Horrible Science aQ  aScience with the squishy bits left in! Are you dying to find out where your food goes? What happens when a boil bursts? Why dead people need a haircut? Which animals live on your eyelashes?8 a890 bLexile 8 aQ bRaz-Plus  amedicinevnon-fiction  aSaulles, Tony De eillustrator